000
00265nam a22001097a 4500
008
170105b xxu||||| |||| 00| 0 eng d
020
_a
9780131133204
041
_a
eng
080
_a
618.2
245
_a
CHILD HEALTH NURSING
_c
BALL, J.W & BINDLER, R.C
942
_2
udc
_c
BK
999
_c
2573
_d
2573